30 najpotężniejszych armii - Statystyki

Ogólne statystyki
  • Ten quiz został rozwiązany 11 285 razy
  • Średni wynik to 22 z 30
Statystyki odpowiedzi
Miejsce Pwrlndx Odpowiedź % Poprawnych
2 0,0791 Rosja
99%
1 0,0741 Stany Zjednoczone
99%
3 0,0919 Chiny
98%
21 0,3891 Polska
98%
7 0,1876 Japonia
94%
6 0,1798 Francja
91%
4 0,1346 Indie
90%
11 0,2374 Brazylia
88%
8 0,1881 Wielka Brytania
87%
20 0,3691 Ukraina
86%
14 0,2626 Pakistan
85%
5 0,1642 Korea Południowa
84%
10 0,2211 Włochy
84%
17 0,3208 Australia
77%
9 0,1975 Turcja
76%
12 0,2463 Niemcy
75%
19 0,3651 Egipt
72%
18 0,3247 Hiszpania
72%
16 0,3199 Iran
72%
13 0,2582 Indonezja
71%
28 0,5269 Kanada
71%
15 0,2707 Izrael
69%
27 0,4849 Algieria
67%
24 0,4458 Tajlandia
67%
25 0,4473 Arabia Saudyjska
58%
23 0,4066 Wietnam
44%
26 0,4834 Szwecja
39%
30 0,5484 Grecja
38%
22 0,3927 Tajwan
38%
29 0,5272 Singapur
29%
Nie znaleziono quizów pasujących do podanych kryteriów
Rozkład punktacji
Procent ludzi z każdym wynikiem
Percentyl według liczby udzielonych odpowiedzi
Twoja historia wyników
Nie rozwiązałeś tego quizu